[Event "DEM U12 2020"]
[Site "Willingen GER"]
[Date "2020.10.31"]
[Round "7"]
[White "Kempe, Caius Emilian"]
[Black "Nitsche, Nikolai"]
[Result "0-1"]
[Termination "normal"]
[Board "2"]
[WhiteElo "1840"]
[BlackElo "1721"]
[WhiteClock "00:30:17"]
[BlackClock "00:38:09"]
[PlyCount "74"]
[WhiteFideId "16246861"]
[BlackFideId "16221036"]
[EventCountry "GER"]
[EventRounds "7"]
[EventType "swiss"]
[EventDate "2020.10.26"]

1. d4 {[%clk 1:30:57]} d5 {[%clk 1:30:06]} 2. c4 {[%clk 1:31:17]} e6 {[%clk
1:30:19]} 3. Nc3 {[%clk 1:31:25]} c6 {[%clk 1:30:15]} 4. cxd5 {[%clk 1:31:47]}
exd5 {[%clk 1:30:13]} 5. Nf3 {[%clk 1:31:01]} Nf6 {[%clk 1:29:50]} 6. Bg5
{[%clk 1:30:55]} Bd6 {[%clk 1:29:09]} 7. Qc2 {[%clk 1:30:01]} O-O {[%clk
1:27:42]} 8. e3 {[%clk 1:30:07]} Bg4 {[%clk 1:26:14]} 9. Ne5 {[%clk 1:28:27]}
Be6 {[%clk 1:22:37]} 10. Bd3 {[%clk 1:27:39]} h6 {[%clk 1:21:45]} 11. Bh4
{[%clk 1:27:56]} Be7 {[%clk 1:21:16]} 12. O-O {[%clk 1:20:47]} Nfd7 {[%clk
1:16:34]} 13. Bxe7 {[%clk 1:19:48]} Qxe7 {[%clk 1:16:57]} 14. f4 {[%clk
1:20:05]} Nxe5 {[%clk 1:14:07]} 15. dxe5 {[%clk 1:19:46]} f5 {[%clk 1:12:45]}
16. Na4 {[%clk 1:15:46]} Nd7 {[%clk 1:09:16]} 17. b4 {[%clk 1:14:49]} a5 {[%clk
1:05:05]} 18. a3 {[%clk 1:01:17]} axb4 {[%clk 1:02:27]} 19. axb4 {[%clk
1:00:10]} b5 {[%clk 1:02:50]} 20. Nb2 {[%clk 0:55:12]} Rxa1 {[%clk 1:02:46]}
21. Rxa1 {[%clk 0:55:42]} Qxb4 {[%clk 1:02:48]} 22. Qxc6 {[%clk 0:55:49]} Nc5
{[%clk 1:00:55]} 23. Rc1 {[%clk 0:43:02]} Rc8 {[%clk 0:57:59]} 24. Qb6 {[%clk
0:40:34]} Qd2 {[%clk 0:56:28]} 25. Rb1 {[%clk 0:35:45]} Qxe3+ {[%clk 0:52:13]}
26. Kh1 {[%clk 0:35:46]} d4 {[%clk 0:43:46]} 27. Qxb5 {[%clk 0:32:24]} Ne4
{[%clk 0:40:14]} 28. Nd1 {[%clk 0:31:24]} Qe1+ {[%clk 0:40:04]} 29. Bf1 {[%clk
0:31:41]} Bc4 {[%clk 0:38:32]} 30. Ne3 {[%clk 0:30:14]} Qxf1+ {[%clk 0:36:29]}
31. Nxf1 {[%clk 0:30:15]} Bxb5 {[%clk 0:36:54]} 32. Rxb5 {[%clk 0:30:03]} Rc1
{[%clk 0:37:11]} 33. Kg1 {[%clk 0:30:24]} d3 {[%clk 0:37:35]} 34. Rb8+ {[%clk
0:29:20]} Kh7 {[%clk 0:37:57]} 35. e6 {[%clk 0:29:31]} d2 {[%clk 0:37:48]} 36.
e7 {[%clk 0:29:54]} Rxf1+ {[%clk 0:38:09]} 37. Kxf1 {[%clk 0:30:17]} d1=Q# 0-1

[Event "DEM U12 2020"]
[Site "Willingen GER"]
[Date "2020.10.31"]
[Round "7"]
[White "Winkler, Yonathan"]
[Black "von Mettenheim, Johannes"]
[Result "0-1"]
[Termination "normal"]
[Board "4"]
[WhiteElo "1680"]
[BlackElo "1995"]
[WhiteClock "00:18:20"]
[BlackClock "00:02:17"]
[PlyCount "160"]
[WhiteFideId "16266080"]
[BlackFideId "16244818"]
[EventCountry "GER"]
[EventRounds "7"]
[EventType "swiss"]
[EventDate "2020.10.26"]

1. e4 {[%clk 1:30:58]} c6 {[%clk 1:29:11]} 2. d4 {[%clk 1:31:11]} d5 {[%clk
1:29:20]} 3. e5 {[%clk 1:31:20]} Bf5 {[%clk 1:25:18]} 4. c4 {[%clk 1:30:29]} e6
{[%clk 1:10:28]} 5. Nc3 {[%clk 1:28:50]} Ne7 {[%clk 1:08:51]} 6. Bd3 {[%clk
1:23:01]} dxc4 {[%clk 1:03:32]} 7. Bxc4 {[%clk 1:22:36]} Nd7 {[%clk 1:03:01]}
8. Nge2 {[%clk 1:21:40]} Nb6 {[%clk 1:01:10]} 9. Bd3 {[%clk 1:18:36]} Bxd3
{[%clk 0:52:01]} 10. Qxd3 {[%clk 1:18:55]} Ned5 {[%clk 0:52:17]} 11. a3 {[%clk
1:17:14]} Nxc3 {[%clk 0:51:56]} 12. bxc3 {[%clk 1:13:32]} Qd5 {[%clk 0:52:13]}
13. O-O {[%clk 1:09:21]} O-O-O {[%clk 0:49:25]} 14. Nf4 {[%clk 1:05:25]} Qc4
{[%clk 0:47:14]} 15. Qf3 {[%clk 1:02:41]} Rd7 {[%clk 0:43:23]} 16. Rb1 {[%clk
0:58:42]} Na4 {[%clk 0:34:23]} 17. Bb2 {[%clk 0:53:44]} Rg8 {[%clk 0:16:03]}
18. h3 {[%clk 0:48:05]} Be7 {[%clk 0:15:10]} 19. Nd3 {[%clk 0:43:52]} Bd8
{[%clk 0:13:50]} 20. Nb4 {[%clk 0:39:31]} a5 {[%clk 0:12:15]} 21. Nc2 {[%clk
0:39:00]} Bg5 {[%clk 0:08:24]} 22. Rfd1 {[%clk 0:29:35]} Qa2 {[%clk 0:06:16]}
23. Qe2 {[%clk 0:28:19]} Nxb2 {[%clk 0:05:50]} 24. Ne1 {[%clk 0:28:35]} Nxd1
{[%clk 0:05:45]} 25. Qxa2 {[%clk 0:28:21]} Nxc3 {[%clk 0:06:10]} 26. Qb2 {[%clk
0:28:22]} Nxb1 {[%clk 0:06:36]} 27. Qxb1 {[%clk 0:28:47]} g6 {[%clk 0:06:06]}
28. Nf3 {[%clk 0:29:00]} Be7 {[%clk 0:05:38]} 29. Qb6 {[%clk 0:28:54]} Rd5
{[%clk 0:05:28]} 30. Nd2 {[%clk 0:22:40]} Rb5 {[%clk 0:03:52]} 31. Qa7 {[%clk
0:23:00]} Kc7 {[%clk 0:03:21]} 32. a4 {[%clk 0:23:16]} Rb6 {[%clk 0:03:41]} 33.
d5 {[%clk 0:22:00]} cxd5 {[%clk 0:02:30]} 34. Kf1 {[%clk 0:21:47]} Bb4 {[%clk
0:01:10]} 35. Nb3 {[%clk 0:21:50]} Ra6 {[%clk 0:00:50]} 36. Qd4 {[%clk
0:21:49]} Rc6 {[%clk 0:01:01]} 37. Qa7 {[%clk 0:21:14]} Rb8 {[%clk 0:01:08]}
38. Nd4 {[%clk 0:20:00]} Bc5 {[%clk 0:00:42]} 39. Qxa5+ {[%clk 0:20:22]} Bb6
{[%clk 0:00:59]} 40. Nb5+ {[%clk 0:19:18]} Kd7 {[%clk 0:01:01]} 41. Qb4 {[%clk
0:18:24]} Bc5 {[%clk 0:27:51]} 42. Qf4 {[%clk 0:48:34]} Rf8 {[%clk 0:26:50]}
43. Qh6 {[%clk 0:41:50]} Ra6 {[%clk 0:26:05]} 44. Nc3 {[%clk 0:38:04]} Bb4
{[%clk 0:24:50]} 45. Qg7 {[%clk 0:37:01]} Raa8 {[%clk 0:23:07]} 46. Na2 {[%clk
0:36:35]} Be7 {[%clk 0:22:09]} 47. Nc3 {[%clk 0:36:21]} h5 {[%clk 0:21:29]} 48.
Qh6 {[%clk 0:36:11]} Rfc8 {[%clk 0:21:26]} 49. Qe3 {[%clk 0:35:09]} Rc6 {[%clk
0:19:00]} 50. Qd3 {[%clk 0:33:52]} Ra5 {[%clk 0:18:06]} 51. Qf3 {[%clk
0:33:06]} Ke8 {[%clk 0:17:06]} 52. g3 {[%clk 0:32:01]} Bb4 {[%clk 0:16:17]} 53.
Nb5 {[%clk 0:31:46]} Rxa4 {[%clk 0:13:29]} 54. Qf6 {[%clk 0:29:42]} Ra5 {[%clk
0:11:07]} 55. Nd4 {[%clk 0:28:49]} Rca6 {[%clk 0:10:44]} 56. Qh8+ {[%clk
0:28:53]} Kd7 {[%clk 0:06:35]} 57. Qg7 {[%clk 0:29:03]} Be7 {[%clk 0:03:45]}
58. Qxf7 {[%clk 0:29:00]} Ra4 {[%clk 0:03:59]} 59. Nb3 {[%clk 0:29:08]} Rc6
{[%clk 0:03:56]} 60. Qxg6 {[%clk 0:28:41]} Rc3 {[%clk 0:03:57]} 61. Nd2 {[%clk
0:28:51]} Ra2 {[%clk 0:03:51]} 62. Qb1 {[%clk 0:20:07]} Rxd2 {[%clk 0:03:25]}
63. Qb5+ {[%clk 0:20:22]} Rc6 {[%clk 0:01:01]} 64. Qxb7+ {[%clk 0:20:48]} Rc7
{[%clk 0:01:27]} 65. Qb5+ {[%clk 0:21:13]} Kd8 {[%clk 0:01:43]} 66. Qb8+ {[%clk
0:21:26]} Rc8 {[%clk 0:01:49]} 67. Qb6+ {[%clk 0:21:48]} Ke8 {[%clk 0:01:36]}
68. Qxe6 {[%clk 0:22:02]} Rcc2 {[%clk 0:01:59]} 69. Qg6+ {[%clk 0:20:47]} Kd8
{[%clk 0:02:11]} 70. Qb6+ {[%clk 0:20:38]} Ke8 {[%clk 0:01:49]} 71. e6 {[%clk
0:18:38]} Rxf2+ {[%clk 0:02:09]} 72. Ke1 {[%clk 0:19:02]} Rfe2+ {[%clk
0:01:37]} 73. Kf1 {[%clk 0:19:06]} Kf8 {[%clk 0:00:55]} 74. Qd4 {[%clk
0:18:37]} Rf2+ {[%clk 0:01:01]} 75. Kg1 {[%clk 0:17:52]} Bc5 {[%clk 0:01:16]}
76. e7+ {[%clk 0:18:00]} Ke8 {[%clk 0:01:21]} 77. Qa4+ {[%clk 0:17:53]} Kxe7
{[%clk 0:01:43]} 78. Qh4+ {[%clk 0:18:12]} Kd7 {[%clk 0:01:37]} 79. Qa4+ {[%clk
0:18:34]} Kc7 {[%clk 0:01:52]} 80. Qa5+ {[%clk 0:18:20]} Bb6 {[%clk 0:02:17]}
0-1

[Event "DEM U12 2020"]
[Site "Willingen GER"]
[Date "2020.10.31"]
[Round "7"]
[White "Gärtner, Alessandro"]
[Black "Müller, Maximilian"]
[Result "1/2-1/2"]
[Termination "normal"]
[Board "11"]
[WhiteElo "1251"]
[BlackElo "1691"]
[WhiteClock "00:55:23"]
[BlackClock "00:11:12"]
[PlyCount "63"]
[WhiteFideId "16268024"]
[BlackFideId "16243552"]
[EventCountry "GER"]
[EventRounds "7"]
[EventType "swiss"]
[EventDate "2020.10.26"]

1. d4 {[%clk 1:30:57]} Nf6 {[%clk 1:30:55]} 2. Nf3 {[%clk 1:31:11]} g6 {[%clk
1:31:19]} 3. Nc3 {[%clk 1:31:12]} d5 {[%clk 1:24:52]} 4. Bf4 {[%clk 1:30:09]}
c6 {[%clk 1:22:55]} 5. Qd2 {[%clk 1:29:36]} Bg7 {[%clk 1:22:50]} 6. e3 {[%clk
1:29:45]} O-O {[%clk 1:22:58]} 7. Ne5 {[%clk 1:29:57]} Nbd7 {[%clk 1:22:21]} 8.
h4 {[%clk 1:30:09]} Nh5 {[%clk 1:16:35]} 9. Bh2 {[%clk 1:29:13]} Nxe5 {[%clk
1:07:40]} 10. Bxe5 {[%clk 1:29:24]} f6 {[%clk 1:06:51]} 11. Bh2 {[%clk
1:28:03]} f5 {[%clk 1:04:21]} 12. Be2 {[%clk 1:27:30]} Nf6 {[%clk 1:04:45]} 13.
Bf4 {[%clk 1:25:54]} Qe8 {[%clk 1:04:22]} 14. f3 {[%clk 1:25:27]} Nd7 {[%clk
0:49:27]} 15. h5 {[%clk 1:20:29]} e5 {[%clk 0:42:53]} 16. dxe5 {[%clk 1:17:54]}
Nxe5 {[%clk 0:43:15]} 17. hxg6 {[%clk 1:17:05]} hxg6 {[%clk 0:40:02]} 18. O-O-O
{[%clk 1:15:47]} Qe7 {[%clk 0:34:19]} 19. Bh6 {[%clk 1:14:01]} Be6 {[%clk
0:29:06]} 20. Qd4 {[%clk 1:03:53]} Nd7 {[%clk 0:21:48]} 21. Bxg7 {[%clk
1:01:17]} Qxg7 {[%clk 0:22:17]} 22. Rh2 {[%clk 0:59:16]} Qxd4 {[%clk 0:20:55]}
23. exd4 {[%clk 0:58:08]} Kg7 {[%clk 0:20:59]} 24. Rdh1 {[%clk 0:58:12]} Rh8
{[%clk 0:20:21]} 25. Kd2 {[%clk 0:58:10]} Rxh2 {[%clk 0:20:25]} 26. Rxh2 {[%clk
0:58:38]} Rh8 {[%clk 0:13:27]} 27. Rxh8 {[%clk 0:58:24]} Kxh8 {[%clk 0:13:56]}
28. Ke3 {[%clk 0:57:59]} Kg7 {[%clk 0:14:25]} 29. g3 {[%clk 0:56:36]} Kf6
{[%clk 0:14:41]} 30. Nd1 {[%clk 0:55:38]} Nb6 {[%clk 0:13:27]} 31. b3 {[%clk
0:55:33]} g5 {[%clk 0:11:12]} 32. Nb2 {[%clk 0:55:23]} 1/2-1/2

[Event "DEM U12 2020"]
[Site "Willingen GER"]
[Date "2020.10.31"]
[Round "7"]
[White "Berresheim, Nils"]
[Black "Huber, Benedikt"]
[Result "1-0"]
[Termination "normal"]
[Board "13"]
[WhiteElo "1534"]
[BlackElo "1725"]
[WhiteClock "00:49:08"]
[BlackClock "00:30:23"]
[PlyCount "53"]
[WhiteFideId "16246306"]
[BlackFideId "16281225"]
[EventCountry "GER"]
[EventRounds "7"]
[EventType "swiss"]
[EventDate "2020.10.26"]

1. d4 {[%clk 1:30:56]} d5 {[%clk 1:30:43]} 2. c4 {[%clk 1:30:57]} c6 {[%clk
1:30:57]} 3. Nf3 {[%clk 1:31:21]} Nf6 {[%clk 1:31:14]} 4. Qc2 {[%clk 1:31:23]}
e6 {[%clk 1:30:17]} 5. cxd5 {[%clk 1:31:30]} exd5 {[%clk 1:30:29]} 6. Bg5
{[%clk 1:31:17]} Be7 {[%clk 1:25:51]} 7. e3 {[%clk 1:30:23]} Be6 {[%clk
1:23:22]} 8. Bd3 {[%clk 1:29:24]} Nbd7 {[%clk 1:23:08]} 9. O-O {[%clk 1:28:39]}
h6 {[%clk 1:22:31]} 10. Bf4 {[%clk 1:27:36]} O-O {[%clk 1:22:14]} 11. h3 {[%clk
1:27:16]} Rc8 {[%clk 1:21:04]} 12. Nc3 {[%clk 1:25:11]} Nb6 {[%clk 1:16:52]}
13. a4 {[%clk 1:19:53]} Bd6 {[%clk 1:12:53]} 14. Bxd6 {[%clk 1:18:24]} Qxd6
{[%clk 1:13:09]} 15. a5 {[%clk 1:11:19]} Nbd7 {[%clk 1:12:42]} 16. Rab1 {[%clk
1:10:10]} b6 {[%clk 1:07:17]} 17. b4 {[%clk 1:07:02]} c5 {[%clk 1:02:24]} 18.
Nb5 {[%clk 1:00:30]} Qb8 19. dxc5 {[%clk 1:00:30]} bxc5 {[%clk 1:00:35]} 20.
bxc5 {[%clk 0:55:23]} Nxc5 21. Nfd4 {[%clk 0:55:42]} Nxd3 {[%clk 0:57:25]} 22.
Qxd3 {[%clk 0:51:40]} Rfd8 23. Rfc1 {[%clk 0:52:09]} Rxc1+ {[%clk 0:43:51]} 24.
Rxc1 {[%clk 0:48:37]} a6 25. Nc6 Qc8 {[%clk 0:30:23]} 26. Ne7+ {[%clk 0:48:49]}
Kh8 {[%clk 0:30:23]} 27. Nxc8 {[%clk 0:49:08]} 1-0

[Event "DEM U12 2020"]
[Site "Willingen GER"]
[Date "2020.10.31"]
[Round "7"]
[White "Bondarcuks, Timurs"]
[Black "Ivanov, Alexander"]
[Result "1-0"]
[Termination "normal"]
[Board "28"]
[WhiteElo "1198"]
[BlackElo "1261"]
[WhiteClock "00:50:43"]
[BlackClock "00:33:10"]
[PlyCount "59"]
[WhiteFideId "34604294"]
[BlackFideId "34604472"]
[EventCountry "GER"]
[EventRounds "7"]
[EventType "swiss"]
[EventDate "2020.10.26"]

1. c4 {[%clk 1:30:59]} f5 {[%clk 1:30:53]} 2. Nc3 {[%clk 1:31:06]} Nf6 {[%clk
1:31:16]} 3. g3 {[%clk 1:31:22]} e6 {[%clk 1:31:34]} 4. Bg2 {[%clk 1:31:24]}
Be7 {[%clk 1:31:47]} 5. e3 {[%clk 1:31:26]} O-O {[%clk 1:31:04]} 6. Nge2 {[%clk
1:31:30]} c5 {[%clk 1:29:19]} 7. O-O {[%clk 1:30:30]} a6 {[%clk 1:28:47]} 8.
Nf4 {[%clk 1:28:40]} Qc7 {[%clk 1:27:52]} 9. d3 {[%clk 1:27:15]} Nc6 {[%clk
1:26:48]} 10. d4 {[%clk 1:16:43]} cxd4 {[%clk 1:20:38]} 11. exd4 {[%clk
1:17:00]} Rd8 {[%clk 1:15:48]} 12. Re1 {[%clk 1:11:11]} Kf7 {[%clk 1:11:31]}
13. d5 {[%clk 1:08:12]} Na7 {[%clk 1:01:01]} 14. Qe2 {[%clk 1:03:55]} e5 {[%clk
0:53:39]} 15. Qxe5 {[%clk 0:59:53]} Qxe5 {[%clk 0:53:50]} 16. Rxe5 {[%clk
1:00:11]} g6 {[%clk 0:51:54]} 17. Re2 {[%clk 0:56:56]} Bb4 {[%clk 0:50:42]} 18.
Bd2 {[%clk 0:56:48]} Re8 {[%clk 0:45:53]} 19. Rxe8 {[%clk 0:56:03]} Nxe8 {[%clk
0:45:59]} 20. a3 {[%clk 0:56:24]} Bxc3 {[%clk 0:45:41]} 21. Bxc3 {[%clk
0:56:47]} Nd6 {[%clk 0:45:43]} 22. b3 {[%clk 0:56:27]} b6 {[%clk 0:44:37]} 23.
Be5 {[%clk 0:53:37]} Ke7 {[%clk 0:40:24]} 24. Re1 {[%clk 0:52:36]} Bb7 {[%clk
0:40:04]} 25. Bd4+ {[%clk 0:51:49]} Kf7 {[%clk 0:39:47]} 26. Bxb6 {[%clk
0:51:29]} g5 {[%clk 0:38:17]} 27. Nd3 {[%clk 0:50:31]} Kg7 {[%clk 0:33:52]} 28.
Bxa7 {[%clk 0:50:24]} Rxa7 {[%clk 0:34:07]} 29. Re7+ {[%clk 0:50:28]} Kh6
{[%clk 0:33:10]} 30. Rxd7 {[%clk 0:50:43]} 1-0